'D' Movies - Statistics

General Stats
  • This quiz has been taken 93 times
    72 since last reset
  • The average score is 9 of 16
Answer Stats
Picture Answer % Correct
Dumbo
100%
Deadpool
98%
Dora and the Lost City of Gold
87%
Die Hard
81%
Django Unchained
79%
Dodgeball: A True Underdog Story
73%
Dune: Part 2
63%
Dirty Harry
47%
Dude, Where's My Car
44%
The Departed
44%
Dawn of the Dead
40%
Dracula
40%
Doom
24%
Doctor Sleep
23%
Demolition Man
21%
Deep Blue Sea
19%
No matching quizzes found
Score Distribution
Percent of People with Each Score
Percentile by Number Answered
Your Score History
You have not taken this quiz since the last reset